Spectral theory and nonlinear functional analysis / (رقم التسجيلة. 973)
[ عرض عادي ]
| 000 -الفاتح | |
|---|---|
| حقل البيانات ثابتة الطول | 00885cam a22002774a 4500 |
| 001 - رقم الضبط | |
| رقم الضبط | 45558910 |
| 003 - محدد رقم الضبط | |
| رقم الضبط | OCoLC |
| 005 - وقت وتاريخ اخر تعامل مع التسجيلة | |
| رقم الضبط | 20150408113724.0 |
| 007 - الحقل الثابت للوصف المادى- معلومات عامة | |
| حقل البيانات ثابتة الطول | cr mnu |
| 008 - عناصر البيانات ثابتة الطول - معلومات عامة | |
| حقل البيانات ثابتة الطول | 001205s2001 flua b 001 0 eng |
| 010 ## - رقم ضبط مكتبة الكونجرس | |
| رقم ضبط مكتبة الكونجرس | 00068055 |
| 015 ## - رقم الببليوجرافية الوطنية | |
| رقم الببليوجرافية الوطنية | GBA1-25653 |
| 020 ## - الرقم الدولى المعيارى للكتب | |
| الرقم الدولى المعيارى للكتاب | 1584882492 (alk. paper) |
| 040 ## - مصدر الفهرسة | |
| وكالة الفهرسة الأصلية | DLC |
| وكالة النسخ | DLC |
| وكالة التعديل | C#P |
| -- | UKM |
| 042 ## - رمز التحقق | |
| رمز التحقق | pcc |
| 050 00 - رقم طلب مكتبة الكونجرس | |
| رقم التصنيف | QA321.5 |
| رقم المادة | .L66 2001 |
| 082 00 - رقم تصنيف ديوى العشرى | |
| رقم التصنيف | 515/.7 |
| رقم الطبعة | 21 |
| 100 1# - المدخل الرئيسى - إسم شخصى | |
| الإسم الشخصى | López-Gómez, Julián. |
| 9 (RLIN) | 4416 |
| 245 10 - بيان العنوان | |
| العنوان | Spectral theory and nonlinear functional analysis / |
| بيان المسئوليه,etc | Julián López-Gómez. |
| 260 ## - PUBLICATION, DISTRIBUTION, ETC. (IMPRINT) | |
| مكان الناشر او الموزع | Boca Raton, Fla. |
| اسم الناشر او الموزع | Chapman & Hall/CRC, |
| تاريخ النشر أو التوزيع | c2001. |
| 300 ## - الوصف المادى | |
| التعداد | xii, 265 p. |
| تفاصيل ماديه اخرى للوعاء | ill. ; |
| أبعاد الوعاء | 24 cm. 0 |
| 440 ## - بيان السلسلة/مدخل إضافى-العنوان | |
| رقم المجلد/ التعيين التسلسلي | 426. |
| العنوان | Chapman & Hall/CRC research notes in mathematics series |
| 9 (RLIN) | 4417 |
| 650 ## - المدخل الاضافى بالموضوع-مصطلح موضوعى | |
| مصطلح موضوعي أو اسم جغرافي كعنصر مدخل | Nonlinear functional analysis. |
| 9 (RLIN) | 4418 |
| 650 ## - المدخل الاضافى بالموضوع-مصطلح موضوعى | |
| مصطلح موضوعي أو اسم جغرافي كعنصر مدخل | Spectral theory (Mathematics) |
| 9 (RLIN) | 4382 |
| 942 ## - عناصر المدخل الإضافي( كوها) | |
| مصدر التصنيف او مخطط الترفيف | Dewey Decimal Classification |
| Koha [default] item type | DVD |
| حالة الفقد | نموذج السعر الفعال | حالة تلف | ليس للاعارة | رقم الطلب | تاريخ الاكتساب | الموقع الحالي | الباركود | الفرع الرئيسي | Date last seen | نوع المادة فى نظام كوها | مصدر التصنيف او خطة الترفيف | Total Checkouts |
|---|---|---|---|---|---|---|---|---|---|---|---|---|
| 2013-03-10 | 515.7 L J S | 2011-09-14 | المكتبة المركزية بالمجمعة (CL) | 00049429 | المكتبة المركزية بالمجمعة (CL) | 2013-03-10 | كتاب | Dewey Decimal Classification | ||||
| 2013-03-10 | 515.7 L J S | 2011-09-14 | المكتبة المركزية بالمجمعة (CL) | 00049430 | المكتبة المركزية بالمجمعة (CL) | 2013-03-10 | كتاب | Dewey Decimal Classification | ||||
| 2013-03-10 | 515.7 L J S | 2011-09-14 | المكتبة المركزية بالمجمعة (CL) | 00049428 | المكتبة المركزية بالمجمعة (CL) | 2013-03-10 | كتاب | Dewey Decimal Classification | ||||
| 2013-03-10 | 515.7 L J S | 2011-09-14 | المكتبة المركزية بالمجمعة (CL) | 00049427 | المكتبة المركزية بالمجمعة (CL) | 2013-03-10 | كتاب | Dewey Decimal Classification | ||||
| 2013-03-10 | 515.7 L J S | 2011-09-14 | المكتبة المركزية بالمجمعة (CL) | 00049426 | المكتبة المركزية بالمجمعة (CL) | 2013-03-10 | كتاب | Dewey Decimal Classification |
